[Event "29. Torneo Collado Villalba 2012"]
[Site "Collado Villalba ESP"]
[Date "2012.08.25"]
[Round "2.2"]
[White "Moreno Ruiz, Javier"]
[Black "Gonzalez Mateos, Rafael"]
[Result "1-0"]
[WhiteElo "2498"]
[BlackElo "2161"]
[PlyCount "116"]
[EventDate "2012.08.24"]
[EventType "swiss"]
[EventRounds "9"]
[EventCountry "ESP"]
[Source "lmi"]
[SourceDate "2012.08.24"]

1. d4 Nf6 2. c4 e6 3. Nc3 Bb4 4. Qc2 O-O 5. a3 Bxc3+ 6. Qxc3 b6 7. Bg5 Bb7 8.
f3 d5 9. cxd5 exd5 10. e3 Nbd7 11. Bd3 c5 12. Ne2 h6 13. Bh4 Re8 14. O-O Qe7
15. Bf2 cxd4 16. exd4 Rac8 17. Qb3 Nb8 18. Ng3 Ba6 19. Rfe1 Qb7 20. Bf5 Rxe1+
21. Rxe1 Re8 22. Rc1 Nc6 23. Qa4 b5 24. Qc2 Ne7 25. Qc7 Qa8 26. Qa5 Nxf5 27.
Qxa6 Nxg3 28. Bxg3 Nh5 29. Be5 f6 30. Bc7 g5 31. Qxb5 Ng7 32. Bg3 h5 33. Rc6 h4
34. Bf2 Qd8 35. Qa6 Nh5 36. Qxa7 h3 37. g3 Re7 38. Qa6 Kg7 39. Qd3 Qe8 40. Rc1
Kh6 41. Kf1 Qd7 42. b4 f5 43. b5 Nf6 44. Rc6 Kg7 45. Qd2 f4 46. gxf4 Qf5 47.
fxg5 Qb1+ 48. Rc1 Qxb5+ 49. Kg1 Nh7 50. Qc2 Nxg5 51. Qf5 Nh7 52. Kh1 Qd7 53.
Rg1+ Kh8 54. Qh5 Rg7 55. Qe5 Qf7 56. Qxg7+ Qxg7 57. Rxg7 Kxg7 58. a4 Nf6 1-0

[Event "29. Torneo Collado Villalba 2012"]
[Site "Collado Villalba ESP"]
[Date "2012.08.25"]
[Round "2.3"]
[White "Unciti Juan, Javier"]
[Black "Arribas Lopez, Angel"]
[Result "0-1"]
[WhiteElo "2143"]
[BlackElo "2467"]
[PlyCount "69"]
[EventDate "2012.08.24"]
[EventType "swiss"]
[EventRounds "9"]
[EventCountry "ESP"]
[Source "lmi"]
[SourceDate "2012.08.24"]

1. e4 c5 2. Nf3 Nf6 3. Nc3 d6 4. d4 cxd4 5. Nxd4 a6 6. f4 e5 7. Nf3 Nbd7 8. a4
Qa5 9. Bd3 exf4 10. Bxf4 Ne5 11. O-O Be6 12. Kh1 Rc8 13. Qe1 Be7 14. Nxe5 dxe5
15. Bg5 Qb6 16. Nd1 Nd7 17. Bxe7 Kxe7 18. Qg3 Kf8 19. Ne3 Qxb2 20. Nd5 Qd4 21.
Qf3 h5 22. Rab1 Qa7 23. a5 Rh6 24. Qg3 h4 25. Qg5 h3 26. g3 f6 27. Nb6 Nxb6 28.
Rxb6 Kg8 29. Qd2 f5 30. Qb4 fxe4 31. Bxe4 Re8 32. Qc5 Qb8 33. Rxb7 Qc8 34. Rc7
Qb8 35. Qa7 0-1

[Event "29. Torneo Collado Villalba 2012"]
[Site "Collado Villalba ESP"]
[Date "2012.08.25"]
[Round "2.4"]
[White "Pascual Palomo, Lucia"]
[Black "Renteria, Jorge"]
[Result "0-1"]
[WhiteElo "2120"]
[BlackElo "2307"]
[PlyCount "74"]
[EventDate "2012.08.24"]
[EventType "swiss"]
[EventRounds "9"]
[EventCountry "ESP"]
[Source "lmi"]
[SourceDate "2012.08.24"]

1. e4 c5 2. Nf3 d6 3. d4 cxd4 4. Nxd4 Nf6 5. Nc3 a6 6. h3 e6 7. g4 d5 8. exd5
Nxd5 9. Nde2 Bb4 10. Bg2 Nc6 11. O-O Nxc3 12. Qxd8+ Nxd8 13. bxc3 Be7 14. Be3
Bd7 15. a4 Rc8 16. Bb6 Bc6 17. Rfd1 h5 18. f3 e5 19. Ng3 hxg4 20. hxg4 g6 21.
Rd3 Ne6 22. Re3 f6 23. Ne2 Kf7 24. a5 Nc5 25. f4 Nd7 26. fxe5 Nxe5 27. Re1 Nxg4
28. Rxe7+ Kxe7 29. Nd4+ Kf7 30. Nxc6 bxc6 31. Bf1 Ne5 32. Rd1 Ra8 33. Rd6 Rh5
34. Bd8 Rg5+ 35. Kf2 Rf5+ 36. Ke2 Kg7 37. Bh3 Nf7 0-1

[Event "29. Torneo Collado Villalba 2012"]
[Site "Collado Villalba ESP"]
[Date "2012.08.25"]
[Round "2.5"]
[White "Martin Rueda, Daniel"]
[Black "Prieto Martin, Alfonso"]
[Result "1-0"]
[WhiteElo "2297"]
[BlackElo "2146"]
[PlyCount "91"]
[EventDate "2012.08.24"]
[EventType "swiss"]
[EventRounds "9"]
[EventCountry "ESP"]
[Source "lmi"]
[SourceDate "2012.08.24"]

1. e4 Nf6 2. e5 Nd5 3. d4 d6 4. exd6 exd6 5. c4 Nb6 6. Nc3 Be7 7. Be3 Nc6 8.
Qf3 O-O 9. O-O-O Be6 10. c5 Nc4 11. Bf4 d5 12. Bxc4 dxc4 13. d5 Nb4 14. dxe6
Nd3+ 15. Rxd3 cxd3 16. Qe4 Bxc5 17. Nf3 Bd6 18. Be3 Qe8 19. exf7+ Qxf7 20. Rd1
c6 21. Ng5 Qf5 22. Qc4+ Kh8 23. g4 Qg6 24. h4 b5 25. Qxc6 Rac8 26. Qxb5 Bf4 27.
Qxd3 Qxd3 28. Rxd3 h6 29. Nge4 Rce8 30. Kd2 Rd8 31. Nd5 Bxe3+ 32. Kxe3 Rfe8 33.
Kd4 Re6 34. f4 Ra6 35. a3 Ra4+ 36. b4 Ra6 37. f5 Rc6 38. Rc3 Rxc3 39. Nexc3 Kg8
40. Nb5 Rd7 41. Kc5 h5 42. g5 Rf7 43. Nd6 Rf8 44. Nf4 Rd8 45. Ne6 Rd7 46. f6
1-0

[Event "29. Torneo Collado Villalba 2012"]
[Site "Collado Villalba ESP"]
[Date "2012.08.25"]
[Round "2.6"]
[White "Draghici Flutur, Gavril"]
[Black "Sanchez Gonzalez, Sergio"]
[Result "0-1"]
[WhiteElo "2099"]
[BlackElo "2273"]
[PlyCount "64"]
[EventDate "2012.08.24"]
[EventType "swiss"]
[EventRounds "9"]
[EventCountry "ESP"]
[Source "lmi"]
[SourceDate "2012.08.24"]

1. e4 c5 2. Nf3 d6 3. d4 Nf6 4. Nc3 cxd4 5. Nxd4 e6 6. Bc4 Be7 7. Bb3 O-O 8. f4
Na6 9. e5 dxe5 10. fxe5 Nd7 11. Bf4 Bg5 12. Qg4 Bxf4 13. Qxf4 Qa5 14. Nf3 Nac5
15. O-O h6 16. Kh1 b5 17. a4 b4 18. Nb5 Nxb3 19. cxb3 Ba6 20. Nfd4 Bxb5 21.
axb5 Qb6 22. Rac1 Nc5 23. Qe3 Nxb3 24. Qxb3 Qxd4 25. Rfe1 Rab8 26. Rc4 Qf2 27.
Ra1 Rxb5 28. Rxb4 Rxe5 29. h3 Re1+ 30. Rxe1 Qxe1+ 31. Kh2 Qe5+ 32. Kg1 Rc8 0-1

[Event "29. Torneo Collado Villalba 2012"]
[Site "Collado Villalba ESP"]
[Date "2012.08.25"]
[Round "2.8"]
[White "Suarez Triguero, Jose Alfonso"]
[Black "Garcia Vicente, Nieves"]
[Result "1/2-1/2"]
[WhiteElo "2080"]
[BlackElo "2190"]
[PlyCount "72"]
[EventDate "2012.08.24"]
[EventType "swiss"]
[EventRounds "9"]
[EventCountry "ESP"]
[Source "lmi"]
[SourceDate "2012.08.24"]

1. e4 c5 2. c4 Nc6 3. Ne2 Nd4 4. Nbc3 g6 5. Nxd4 cxd4 6. Ne2 Bg7 7. d3 Qb6 8.
Qb3 d6 9. Bd2 Bd7 10. Nf4 Nf6 11. Qxb6 axb6 12. Nd5 Nxd5 13. cxd5 O-O 14. Be2
Rfc8 15. Bd1 e6 16. Bb3 exd5 17. Bxd5 Rc2 18. Rb1 Be6 19. Kd1 Rc7 20. Bxe6 fxe6
21. a3 Kf7 22. Rc1 Rac8 23. Rxc7+ Rxc7 24. Rf1 Ke8 25. h3 Rf7 26. Ke2 Kd7 27.
f4 e5 28. fxe5 Rxf1 29. e6+ Kxe6 30. Kxf1 d5 31. Ke2 b5 32. b3 Bf8 33. Bc1 Be7
34. Kf3 Bd6 35. b4 Be7 36. g4 Bh4 1/2-1/2

[Event "29. Torneo Collado Villalba 2012"]
[Site "Collado Villalba ESP"]
[Date "2012.08.25"]
[Round "2.9"]
[White "Bermejo Arruego, Luis"]
[Black "Martin Martin, Luis Vicente"]
[Result "1-0"]
[WhiteElo "2188"]
[BlackElo "2069"]
[PlyCount "61"]
[EventDate "2012.08.24"]
[EventType "swiss"]
[EventRounds "9"]
[EventCountry "ESP"]
[Source "lmi"]
[SourceDate "2012.08.24"]

1. e4 d5 2. exd5 Qxd5 3. Nc3 Qa5 4. d4 c6 5. Nf3 Bf5 6. Bd2 e6 7. Bc4 Nf6 8.
Qe2 Bb4 9. O-O-O Nbd7 10. a3 Bxc3 11. Bxc3 Qc7 12. Ne5 Nxe5 13. dxe5 Nd5 14.
Bd2 O-O-O 15. g4 Bg6 16. h3 Qb6 17. f4 h5 18. Rhf1 hxg4 19. hxg4 Rh3 20. Bxd5
cxd5 21. f5 exf5 22. gxf5 Bh5 23. Qg2 Bxd1 24. Qxh3 Be2 25. f6+ Kb8 26. Re1 Bb5
27. fxg7 Qg6 28. Qh6 Qxh6 29. Bxh6 Bd7 30. Bg5 Rg8 31. Bf6 1-0

[Event "29. Torneo Collado Villalba 2012"]
[Site "Collado Villalba ESP"]
[Date "2012.08.25"]
[Round "2.10"]
[White "Montoya Pecurul, Marc"]
[Black "Pastor Alonso de Prado, Alberto"]
[Result "1/2-1/2"]
[WhiteElo "1925"]
[BlackElo "2172"]
[PlyCount "68"]
[EventDate "2012.08.24"]
[EventType "swiss"]
[EventRounds "9"]
[EventCountry "ESP"]
[Source "lmi"]
[SourceDate "2012.08.24"]

1. e4 e5 2. Nf3 Nc6 3. Bb5 Bc5 4. O-O Nd4 5. Nxd4 Bxd4 6. c3 Bb6 7. d4 c6 8.
Ba4 d6 9. Be3 Nf6 10. Nd2 O-O 11. h3 Qe7 12. Qf3 h6 13. Bc2 Nd7 14. Rad1 Bc7
15. Qg3 Kh8 16. f4 f6 17. Qh4 Bd8 18. Rf3 c5 19. d5 exf4 20. Bxf4 Ne5 21. Rg3
Kh7 22. Bxe5 fxe5 23. Qh5 Qf7 24. Qe2 Bd7 25. Rf1 Bf6 26. a4 Qe7 27. Nc4 b5 28.
axb5 Bxb5 29. Bd3 Bg5 30. Rgf3 Bxc4 31. Bxc4 Rf4 32. g3 Rxf3 33. Qxf3 Kg8 34.
Qf5 Rf8 1/2-1/2

[Event "29. Torneo Collado Villalba 2012"]
[Site "Collado Villalba ESP"]
[Date "2012.08.25"]
[Round "2.11"]
[White "Roa Alonso, Santiago"]
[Black "Garcia Saez, Juan Carlos"]
[Result "1-0"]
[WhiteElo "2426"]
[BlackElo "2004"]
[PlyCount "65"]
[EventDate "2012.08.24"]
[EventType "swiss"]
[EventRounds "9"]
[EventCountry "ESP"]
[Source "lmi"]
[SourceDate "2012.08.24"]

1. e4 c6 2. d4 g6 3. Nf3 Bg7 4. Nbd2 d6 5. h3 Nf6 6. Bd3 Nbd7 7. O-O e5 8. Nc4
Qc7 9. a4 O-O 10. c3 Nxe4 11. Bxe4 d5 12. Nfxe5 Nxe5 13. Bxd5 Rd8 14. Bf4 Rxd5
15. Qe2 f6 16. Rfe1 Bf5 17. Ne3 Rdd8 18. Nxf5 gxf5 19. dxe5 fxe5 20. Bxe5 Bxe5
21. Qxe5 Qxe5 22. Rxe5 Rd2 23. Rae1 Rxb2 24. Rxf5 Rf8 25. Rg5+ Kh8 26. Re7
Rbxf2 27. Rgg7 Rf1+ 28. Kh2 Rb8 29. Rxh7+ Kg8 30. Reg7+ Kf8 31. Rg4 Ke8 32.
Rg8+ Rf8 33. Rxf8+ 1-0

[Event "29. Torneo Collado Villalba 2012"]
[Site "Collado Villalba ESP"]
[Date "2012.08.25"]
[Round "2.12"]
[White "Martin Carmona, Gaston Manuel"]
[Black "Estrada Martinez, Cesar"]
[Result "1/2-1/2"]
[WhiteElo "1779"]
[BlackElo "2111"]
[PlyCount "58"]
[EventDate "2012.08.24"]
[EventType "swiss"]
[EventRounds "9"]
[EventCountry "ESP"]
[Source "lmi"]
[SourceDate "2012.08.24"]

1. e4 c5 2. Nf3 g6 3. d4 cxd4 4. Nxd4 Bg7 5. Nc3 Nc6 6. Be3 Nf6 7. Nxc6 dxc6 8.
Qxd8+ Kxd8 9. O-O-O+ Ke8 10. h3 h5 11. g3 Be6 12. f4 Nd7 13. Bd4 Bxd4 14. Rxd4
Nb6 15. Bg2 Rd8 16. Rhd1 Rxd4 17. Rxd4 f6 18. Na4 Nxa4 19. Rxa4 a6 20. Rd4 f5
21. h4 fxe4 22. Bxe4 Bf5 23. Bf3 Kf7 24. Rb4 Bc8 25. Rd4 Rf8 26. Kd2 Bf5 27. c4
Re8 28. Ke3 e5 29. fxe5 Rxe5+ 1/2-1/2

[Event "29. Torneo Collado Villalba 2012"]
[Site "Collado Villalba ESP"]
[Date "2012.08.25"]
[Round "2.13"]
[White "Perez Cameselle, Francisco"]
[Black "Ginesta Caballero, Olga Lucia"]
[Result "0-1"]
[WhiteElo "1843"]
[BlackElo "2093"]
[PlyCount "128"]
[EventDate "2012.08.24"]
[EventType "swiss"]
[EventRounds "9"]
[EventCountry "ESP"]
[Source "lmi"]
[SourceDate "2012.08.24"]

1. e4 d5 2. exd5 Qxd5 3. Nc3 Qa5 4. Nf3 Nf6 5. d4 c6 6. Bd3 Bf5 7. O-O e6 8.
Bf4 Be7 9. Re1 Nbd7 10. h3 O-O 11. Bxf5 Qxf5 12. Bh2 Qa5 13. a3 Rfd8 14. Qe2
Rac8 15. b4 Qh5 16. Ne4 Nxe4 17. Qxe4 Qd5 18. Qe2 b5 19. Red1 Nb6 20. Ne5 Bf6
21. Ng4 Bg5 22. Ne3 Qe4 23. Qg4 Qxg4 24. Nxg4 h5 25. Ne5 Rd5 26. Kf1 Bf6 27.
Ke2 Rcd8 28. c3 Bxe5 29. dxe5 Rxd1 30. Rxd1 Rxd1 31. Kxd1 Nc4 32. Kc2 Nxa3+ 33.
Kd3 Kf8 34. f4 Ke8 35. Bg1 a6 36. Kd4 Kd7 37. Kc5 Nc4 38. g4 hxg4 39. hxg4 g5
40. Bh2 gxf4 41. Bxf4 Kc7 42. Kd4 a5 43. bxa5 Nxa5 44. Bh6 Nb3+ 45. Ke4 c5 46.
Bf8 Kc6 47. Bh6 Na5 48. Bf8 Nc4 49. Bh6 Nb6 50. Bd2 Nd5 51. Be1 Kb6 52. Bd2 Ka6
53. Be1 c4 54. Kd4 Ka5 55. Kc5 Ka4 56. Bd2 Kb3 57. Kxb5 Nxc3+ 58. Kc6 Ne4 59.
Be1 c3 60. Bxc3 Kxc3 61. Kd7 Kd4 62. Ke7 Kxe5 63. Kxf7 Ng5+ 64. Ke7 Kf4 0-1

[Event "29. Torneo Collado Villalba 2012"]
[Site "Collado Villalba ESP"]
[Date "2012.08.25"]
[Round "2.14"]
[White "Lopez Ziegler, Carlos"]
[Black "Baeza Escudero, Javier"]
[Result "0-1"]
[WhiteElo "1918"]
[BlackElo "2000"]
[PlyCount "52"]
[EventDate "2012.08.24"]
[EventType "swiss"]
[EventRounds "9"]
[EventCountry "ESP"]
[Source "lmi"]
[SourceDate "2012.08.24"]

1. e4 c5 2. Nf3 d6 3. d4 cxd4 4. Nxd4 Nf6 5. Nc3 a6 6. Be2 e5 7. Nb3 Be6 8. Bg5
Be7 9. Qd2 Nbd7 10. O-O-O O-O 11. f3 b5 12. Be3 Nb6 13. Na5 Qc7 14. g4 b4 15.
Nb1 Rfc8 16. g5 Nfd7 17. h4 d5 18. Bd3 d4 19. Bg1 Bxa2 20. f4 b3 21. c4 dxc3
22. Nxc3 Bb4 23. Nc4 Nxc4 24. Bxc4 Qxc4 25. Qxd7 Qxe4 26. Rh3 Qc2# 0-1

[Event "29. Torneo Collado Villalba 2012"]
[Site "Collado Villalba ESP"]
[Date "2012.08.25"]
[Round "2.15"]
[White "Colas Longares, Rafael P"]
[Black "Garcia-Ruiz Fuentes, Angel M"]
[Result "1-0"]
[WhiteElo "2336"]
[BlackElo "1942"]
[PlyCount "51"]
[EventDate "2012.08.24"]
[EventType "swiss"]
[EventRounds "9"]
[EventCountry "ESP"]
[Source "lmi"]
[SourceDate "2012.08.24"]

1. e4 Nf6 2. Nc3 e5 3. f4 d5 4. fxe5 Nxe4 5. d3 Nxc3 6. bxc3 d4 7. Nf3 c5 8.
Be2 dxc3 9. O-O Nc6 10. Qe1 Nd4 11. Bd1 Qa5 12. Qg3 h6 13. Nxd4 cxd4 14. Bf3
Be6 15. Bxb7 Rb8 16. Be4 Qc7 17. Kh1 g5 18. Bf5 Bg7 19. Bxe6 fxe6 20. Ba3 Qxe5
21. Qf3 Qc7 22. Qh5+ Kd8 23. Rf7 Qa5 24. Be7+ Kc8 25. Rxg7 Qxa2 26. Qd1 1-0

[Event "29. Torneo Collado Villalba 2012"]
[Site "Collado Villalba ESP"]
[Date "2012.08.25"]
[Round "2.16"]
[White "Perez De Villar Muñoz , Eusebio"]
[Black "Anula Nieto, Carlos"]
[Result "1-0"]
[WhiteElo "2023"]
[BlackElo "1900"]
[PlyCount "171"]
[EventDate "2012.08.24"]
[EventType "swiss"]
[EventRounds "9"]
[EventCountry "ESP"]
[Source "lmi"]
[SourceDate "2012.08.24"]

1. e4 d5 2. exd5 Qxd5 3. d4 e5 4. Nf3 Nc6 5. Nc3 Bb4 6. Bd2 Bxc3 7. bxc3 Bg4 8.
Be2 exd4 9. cxd4 Nf6 10. c3 O-O 11. O-O Rfe8 12. h3 Bf5 13. c4 Qe4 14. Be3 h6
15. Qb3 b6 16. Rac1 Rad8 17. Rfd1 Qe7 18. d5 Na5 19. Qb2 Nb7 20. Nd4 Bd7 21.
Bf3 Nc5 22. Bf4 Ba4 23. Nb3 Nfe4 24. Be3 Qd6 25. Bd4 f6 26. Bh5 Re7 27. Bg6 Be8
28. Bf5 Qf4 29. Bxc5 Nxc5 30. Nd4 Ba4 31. Re1 Rde8 32. Be6+ Kh8 33. Re3 Bd7 34.
g3 Qg5 35. Rce1 Bxe6 36. dxe6 f5 37. Qc2 g6 38. Kh2 Qf6 39. Re5 Ne4 40. f4 c5
41. Nb5 a6 42. Nc3 Nxc3 43. Qxc3 Kh7 44. Qe3 Rd8 45. Rd5 Rde8 46. Rd6 b5 47.
Rxa6 bxc4 48. Rd6 Ra8 49. Re2 c3 50. Qxc5 Rb8 51. Rd7 Rbe8 52. Rxe7+ Rxe7 53.
Qc6 Qd4 54. Rc2 Kg7 55. Kg2 Kf6 56. Qxc3 Qxc3 57. Rxc3 Rxe6 58. Kf3 Ra6 59. a3
g5 60. Ke3 gxf4+ 61. Kxf4 Ra4+ 62. Kf3 h5 63. h4 Ke5 64. Rb3 Ke6 65. Ke3 Rg4
66. Kf2 Ra4 67. Kf3 Ke5 68. Rb5+ Ke6 69. Rb3 Ke5 70. Ke3 Rg4 71. Rb5+ Ke6 72.
Kf2 Ra4 73. Rb6+ Ke5 74. Rh6 Rxa3 75. Rxh5 Ra2+ 76. Kf3 Ra3+ 77. Kg2 Ra2+ 78.
Kh3 Ra3 79. Rg5 Kf6 80. Kg2 Rb3 81. Rg8 Kf7 82. Ra8 Kg6 83. Re8 Ra3 84. Kf2 Kh5
85. Rg8 Kh6 86. Rg5 1-0

[Event "29. Torneo Collado Villalba 2012"]
[Site "Collado Villalba ESP"]
[Date "2012.08.25"]
[Round "2.17"]
[White "Hernandez Yañez, Javier"]
[Black "Torres Grajales, Ramon"]
[Result "1-0"]
[WhiteElo "1952"]
[BlackElo "2017"]
[PlyCount "39"]
[EventDate "2012.08.24"]
[EventType "swiss"]
[EventRounds "9"]
[EventCountry "ESP"]
[Source "lmi"]
[SourceDate "2012.08.24"]

1. c4 Nf6 2. g3 g6 3. Bg2 Bg7 4. Nc3 O-O 5. e4 d6 6. Nge2 Nc6 7. O-O e5 8. d3
Ne7 9. Qc2 c6 10. b4 Be6 11. b5 Rc8 12. bxc6 bxc6 13. Ba3 d5 14. Na4 Nd7 15.
Rab1 Re8 16. Rb7 Rc7 17. Rxc7 Qxc7 18. cxd5 Bg4 19. f3 Bh5 20. d6 1-0

[Event "29. Torneo Collado Villalba 2012"]
[Site "Collado Villalba ESP"]
[Date "2012.08.25"]
[Round "2.18"]
[White "Erice Alonso, Santiago"]
[Black "Herrero Corada, Jose Ignacio"]
[Result "1-0"]
[WhiteElo "2011"]
[BlackElo "1850"]
[PlyCount "65"]
[EventDate "2012.08.24"]
[EventType "swiss"]
[EventRounds "9"]
[EventCountry "ESP"]
[Source "lmi"]
[SourceDate "2012.08.24"]

1. b4 c6 2. Bb2 d5 3. Nf3 Nf6 4. e3 Bg4 5. h3 Bxf3 6. Qxf3 e6 7. b5 Be7 8. a4
O-O 9. Be2 a6 10. O-O axb5 11. axb5 Rxa1 12. Bxa1 c5 13. c4 Ne4 14. d3 Nf6 15.
Nd2 Nbd7 16. Bc3 Bd6 17. d4 e5 18. cxd5 exd4 19. exd4 cxd4 20. Bxd4 Be5 21. Be3
Bb8 22. Nc4 Re8 23. Rd1 Ne4 24. Bd4 Ndf6 25. Ne3 Ng5 26. Qf5 Nxd5 27. Nxd5 Rxe2
28. Kf1 Re6 29. Bb6 Qe8 30. Qxg5 Qxb5+ 31. Kg1 Qe2 32. Nf6+ Kh8 33. Rd8+ 1-0

[Event "29. Torneo Collado Villalba 2012"]
[Site "Collado Villalba ESP"]
[Date "2012.08.25"]
[Round "2.19"]
[White "Martinez Alvira, Santiago"]
[Black "Gonzalez Mateo, Jose Luis"]
[Result "1-0"]
[WhiteElo "2000"]
[BlackElo "1781"]
[PlyCount "91"]
[EventDate "2012.08.24"]
[EventType "swiss"]
[EventRounds "9"]
[EventCountry "ESP"]
[Source "lmi"]
[SourceDate "2012.08.24"]

1. g3 g6 2. Bg2 Bg7 3. Nf3 c5 4. O-O Nc6 5. e4 d6 6. c3 Qb6 7. d3 Bg4 8. Nbd2
Ne5 9. Qc2 Qa6 10. Nxe5 dxe5 11. Nc4 Be6 12. Ne3 Rd8 13. c4 Nf6 14. Nd5 Bxd5
15. exd5 O-O 16. Be3 b6 17. Bh3 Ne8 18. Rab1 Nd6 19. b4 cxb4 20. Rxb4 Nf5 21.
Re1 Qa5 22. Qa4 Qxa4 23. Rxa4 Nxe3 24. fxe3 a5 25. e4 Bh6 26. Re2 Ra8 27. Ra3
Rfd8 28. Rb3 Rd6 29. a4 Rf6 30. Bd7 Rb8 31. c5 Ra8 32. c6 Ra7 33. Rxb6 Rc7 34.
Kg2 Rd6 35. Reb2 Rcxd7 36. cxd7 Rxd7 37. Ra6 Be3 38. Rxa5 Rc7 39. Rab5 Rc3 40.
Ra2 Rxd3 41. a5 h5 42. a6 Rd1 43. a7 Rg1+ 44. Kf3 Bd4 45. a8=Q+ Kg7 46. Rb8 1-0

[Event "29. Torneo Collado Villalba 2012"]
[Site "Collado Villalba ESP"]
[Date "2012.08.25"]
[Round "2.20"]
[White "Velasco Garcia, Jorge Juan"]
[Black "Torres Samper, Rafael"]
[Result "1-0"]
[WhiteElo "1920"]
[BlackElo "2000"]
[PlyCount "39"]
[EventDate "2012.08.24"]
[EventType "swiss"]
[EventRounds "9"]
[EventCountry "ESP"]
[Source "lmi"]
[SourceDate "2012.08.24"]

1. d4 Nf6 2. Bg5 c5 3. Bxf6 gxf6 4. d5 d6 5. c4 Bg7 6. Nc3 O-O 7. e3 Qb6 8. Qc2
Nd7 9. f4 e5 10. Bd3 h6 11. Nge2 Re8 12. O-O-O f5 13. Bxf5 Nf6 14. Ng3 Ng4 15.
Qe2 h5 16. Bxc8 Raxc8 17. Nxh5 Nxe3 18. Qxe3 exf4 19. Qxf4 Re2 20. Nf6+ 1-0

[Event "29. Torneo Collado Villalba 2012"]
[Site "Collado Villalba ESP"]
[Date "2012.08.25"]
[Round "2.21"]
[White "Saez Gabikagogeaskoa, Oscar"]
[Black "Gutierrez Mordini, Pablo"]
[Result "1-0"]
[WhiteElo "1989"]
[BlackElo "1690"]
[PlyCount "64"]
[EventDate "2012.08.24"]
[EventType "swiss"]
[EventRounds "9"]
[EventCountry "ESP"]
[Source "lmi"]
[SourceDate "2012.08.24"]

1. e4 e5 2. Nf3 Nc6 3. d4 exd4 4. Nxd4 Qf6 5. Be3 Bc5 6. c3 Nge7 7. Bc4 d6 8.
O-O O-O 9. f4 a6 10. Nc2 b5 11. Be2 Bb7 12. Nd2 Ng6 13. Bxc5 dxc5 14. e5 Qe7
15. Ne3 Rad8 16. a4 Ngxe5 17. fxe5 Nxe5 18. Rf2 Qg5 19. Nef1 Ng6 20. Bf3 Nf4
21. Kh1 Nd3 22. Re2 Bxf3 23. gxf3 Nxb2 24. Qb3 Nxa4 25. c4 c6 26. Ne4 Qf4 27.
Nfg3 Rd4 28. Rg1 g6 29. cxb5 axb5 30. Nh5 c4 31. Nhf6+ Kh8 32. Qa3 Qd6 1-0

[Event "29. Torneo Collado Villalba 2012"]
[Site "Collado Villalba ESP"]
[Date "2012.08.25"]
[Round "2.22"]
[White "Martin-Consuegra Barrilero, Francisco Javier"]
[Black "Lopez Heras, Arturo"]
[Result "0-1"]
[WhiteElo "1895"]
[BlackElo "1971"]
[PlyCount "76"]
[EventDate "2012.08.24"]
[EventType "swiss"]
[EventRounds "9"]
[EventCountry "ESP"]
[Source "lmi"]
[SourceDate "2012.08.24"]

1. d4 Nf6 2. Bf4 b6 3. e3 Bb7 4. Nf3 e6 5. Bd3 Be7 6. h3 Nd5 7. Bh2 Nb4 8. Be2
O-O 9. a3 N4a6 10. O-O c5 11. c3 d5 12. Nbd2 Nd7 13. b4 Nc7 14. Qb1 c4 15. a4
Ne8 16. e4 dxe4 17. Nxe4 Rc8 18. Ned2 Bd5 19. Qa2 Nd6 20. Bxd6 Bxd6 21. Bxc4
Rxc4 22. Nxc4 Qc7 23. Nfd2 Rc8 24. Nxd6 Bxa2 25. Nb5 Qf4 26. Rxa2 a6 27. g3 Qb8
28. Na3 Rxc3 29. Ne4 Rd3 30. Nc2 Qb7 31. Re1 h6 32. Ra3 Rxa3 33. Nxa3 Qd5 34.
Re3 Qxd4 35. b5 a5 36. Nc3 Nc5 37. Nc2 Qc4 38. Na3 Qb3 0-1

[Event "29. Torneo Collado Villalba 2012"]
[Site "Collado Villalba ESP"]
[Date "2012.08.25"]
[Round "2.23"]
[White "Sterling Carmona, Francisco"]
[Black "Garcia-Sanchez Navarro, Mariano"]
[Result "1-0"]
[WhiteElo "1963"]
[BlackElo "1502"]
[PlyCount "69"]
[EventDate "2012.08.24"]
[EventType "swiss"]
[EventRounds "9"]
[EventCountry "ESP"]
[Source "lmi"]
[SourceDate "2012.08.24"]

1. Nf3 c6 2. d4 d5 3. e3 Bg4 4. Nbd2 e6 5. h3 Bh5 6. g4 Bg6 7. Ne5 Nf6 8. h4 h6
9. Nxg6 fxg6 10. Bd3 Kf7 11. Qf3 Be7 12. c3 Nbd7 13. Qg3 Nf8 14. f4 Ke8 15. Nf3
Ne4 16. Bxe4 dxe4 17. Nd2 Qd5 18. Qg2 Qd8 19. g5 hxg5 20. hxg5 Rh5 21. Nxe4 Kd7
22. Bd2 Kc7 23. Kf2 Nd7 24. Ng3 Rxh1 25. Rxh1 Qf8 26. Ke2 Nb6 27. Qe4 Qf7 28.
Rh7 Nd5 29. b3 Nb6 30. Qe5+ Kd7 31. Rxg7 Qe8 32. Ne4 Kd8 33. Nc5 Nd7 34. Nxe6+
Kc8 35. Qc7# 1-0

[Event "29. Torneo Collado Villalba 2012"]
[Site "Collado Villalba ESP"]
[Date "2012.08.25"]
[Round "2.24"]
[White "Perez Ortego, Alberto"]
[Black "Lopez Mulet, Iñigo"]
[Result "0-1"]
[WhiteElo "1576"]
[BlackElo "1960"]
[PlyCount "68"]
[EventDate "2012.08.24"]
[EventType "swiss"]
[EventRounds "9"]
[EventCountry "ESP"]
[Source "lmi"]
[SourceDate "2012.08.24"]

1. e4 e6 2. d4 d5 3. e5 c5 4. c3 Nc6 5. Bb5 cxd4 6. Bxc6+ bxc6 7. cxd4 c5 8.
Nf3 Qb6 9. O-O Bd7 10. a4 a5 11. b3 Rb8 12. dxc5 Bxc5 13. Nbd2 Ne7 14. Ba3 Bxa3
15. Rxa3 O-O 16. Nb1 Rfc8 17. Nd4 Rc7 18. Qd3 Rbc8 19. h3 Qb4 20. Ra1 Nc6 21.
Nxc6 Rxc6 22. Nd2 Rc2 23. Nf3 R2c3 24. Qa6 h6 25. Nd4 Qxd4 26. Qxa5 Rxb3 27.
Qa6 Qxe5 28. a5 Qb8 29. Rfc1 Rxc1+ 30. Rxc1 Rb1 31. Rxb1 Qxb1+ 32. Kh2 Qb8+ 33.
g3 Bb5 34. Qc6 Bxc6 0-1

[Event "29. Torneo Collado Villalba 2012"]
[Site "Collado Villalba ESP"]
[Date "2012.08.26"]
[Round "3.1"]
[White "Vazquez Igarza, Renier"]
[Black "Martin Rueda, Daniel"]
[Result "1/2-1/2"]
[WhiteElo "2570"]
[BlackElo "2297"]
[PlyCount "67"]
[EventDate "2012.08.24"]
[EventType "swiss"]
[EventRounds "9"]
[EventCountry "ESP"]
[Source "lmi"]
[SourceDate "2012.08.24"]

1. d4 d5 2. c4 c6 3. Nf3 Nf6 4. Nc3 dxc4 5. a4 Bf5 6. Ne5 Nbd7 7. Nxc4 Qc7 8.
g3 e5 9. dxe5 Nxe5 10. Bf4 Nfd7 11. Bg2 f6 12. O-O O-O-O 13. Nxe5 Nxe5 14. Nd5
Qd6 15. Qc1 g5 16. Ne3 Be6 17. Rd1 Qc5 18. Rxd8+ Kxd8 19. Qd1+ Kc8 20. b4 Qxb4
21. Bxe5 fxe5 22. Rb1 Qd4 23. Qc2 Bc5 24. Rd1 Qb4 25. Rb1 Qd4 26. Bxc6 bxc6 27.
Rc1 Kc7 28. Qxc5 Qxc5 29. Rxc5 Kd6 30. Ra5 Ra8 31. Ra6 Bc8 32. Ra5 Be6 33. Ra6
Bc8 34. Ra5 1/2-1/2